000 00357 a2200169 4500
001 191282
020 _a85-16-01094-5
040 _cMagnum
100 _aRios, Rosana
240 1 0 _aO rei da floresta
_lpor
245 1 0 _aO rei da floresta
300 _a31
362 0 _a1997
440 1 _aModerna
697 _aLITERATURA INFANTO-JUVENIL
942 _cBK
999 _c191282
_d191282